| 000 | 00739nam a2200289Ia 4500 | ||
|---|---|---|---|
| 008 | 170203s9999 xx 000 0 und d | ||
| 020 | _a0 717292665 | ||
| 050 | _a0 30 | ||
| 050 | _bJ67u 1998 | ||
| 100 | _aJohnson, Jinny, 1949- | ||
| 245 | _aSkeleton : | ||
| 245 | _bour body's framework / | ||
| 245 | _cJinny Johnson. | ||
| 260 | _aDanbury, Connecticut : | ||
| 260 | _bGrolier Educational, | ||
| 260 | _c1998 | ||
| 300 | _a48 pages : | ||
| 300 | _bcolor illustrations ; | ||
| 300 | _c29 cm. | ||
| 440 | _aUnder the microscope. | ||
| 440 | _vvol. 2 | ||
| 650 | _aBones -- | ||
| 650 | _aHuman skeleton -- | ||
| 650 | _xJuvenile literature | ||
| 650 | _xJuvenile literature. | ||
| 700 | _a0717292657 (set) | ||
| 999 |
_c305664 _d305664 |
||